Phát triển giáo dục và đào tạo nhân tài
Αποθηκεύτηκε σε:
| Κύριος συγγραφέας: | |
|---|---|
| Μορφή: | Βιβλίο |
| Γλώσσα: | Undetermined |
| Έκδοση: |
H.
CTQG
2002
|
| Θέματα: | |
| Ετικέτες: |
Προσθήκη ετικέτας
Δεν υπάρχουν, Καταχωρήστε ετικέτα πρώτοι!
|
| Thư viện lưu trữ: | Trung tâm Học liệu Trường Đại học Cần Thơ |
|---|
| LEADER | 00546nam a2200181Ia 4500 | ||
|---|---|---|---|
| 001 | CTU_53733 | ||
| 008 | 210402s9999 xx 000 0 und d | ||
| 020 | |b 26000 | ||
| 082 | |a 371.425 | ||
| 082 | |b V600 | ||
| 100 | |a Nghiêm Đình Vỳ | ||
| 245 | 0 | |a Phát triển giáo dục và đào tạo nhân tài | |
| 245 | 0 | |c Nghiêm Đình Vỳ và Nguyễn Đắc Hưng | |
| 260 | |a H. | ||
| 260 | |b CTQG | ||
| 260 | |c 2002 | ||
| 650 | |a vocational guidance,labor supply | ||
| 980 | |a Trung tâm Học liệu Trường Đại học Cần Thơ | ||